000 02412nam0a22004211 4500
001 v19\rc\1318184
005 20260408063425.0
035 _a(NLR Aleph) 004473552
090 _a4572790
_c4572790
100 _a20060512d1826 m y0rusy50 ca
101 0 _arus
102 _aRU
135 _acrcn 024anaba
140 _ay y da yaa0000
200 1 _aВыписка из воинских артикулов.
_eУчинена в 1822-м году по приказанию господина главнокомандующаго 1-ю армиею для чтения нижним воинским чинам
210 _aСанктпетербург
_cв Военной типографии Главнаго штаба его императорскаго величества
_d1826
215 _a31, [1] с.
_d
316 _aЭкз. РНБ (18.78.2.517) в обл. из серой бумаги. На 1-й с. обл. ярлык с шифром РНБ. На 2-й с. обл. пустой ярлык. На тит. л. круглый штамп ГПБ. На с.[1] техн. помета. Размер: 21,3х16,5х0,5 см
_5NLR: 18.78.2.517
325 _aКопия доступна в Электрон. б-ке РНБ
620 _dСанкт-Петербург
712 0 1 _4610
_aРоссия
_bГлавный штаб Его Императорского Величества
_bВоенная типография
_3RU\NLR\AUTH\8810034604
_9567514
740 1 _aРоссия
_tВоенные уставы и наставления
_3RU\NLR\AUTH\889957977
_9412039
801 0 _aRU
_bNLR
_gpsbo
801 0 _aRU
_bRuMoRGB
_2psbo
801 1 _aRU
_bProSoft-M
_2rusmarc
852 _aNLR
_j18.78.2.517
856 0 _uhttps://vivaldi.nlr.ru/bx000027792/view
856 1 _uhttps://vivaldi.nlr.ru/bx000027792/cover
856 2 _uhttps://vivaldi.nlr.ru/bx000027792/text
899 _aRuMoRGB
_jD 496/218
942 _cBOOK
980 _aNB
981 2 2 _a(22) Материалы по истории России
_b(22) Военное дело
981 2 0 _a(20) Книжные памятники РНБ
_b(20) Русский книжный фонд